Introduction to digital technology

Saved in:
Bibliographic Details
Main Author: Nashelsky
Format: Book
Published: New Jersey Prentice Hall Career and technology 1994
Edition:4th ed
Subjects:
Tags: Add Tag
No Tags, Be the first to tag this record!
Call Number :TK 7888.3 N37 1994

MARC

LEADER 00000pam a2200000 4500
001 31904
003 MY-KLNDU
005 20241218085742.0
020 0 0 |a 0134977858 
035 |a 0000021524 
039 9 |y 200910091521  |z VLOAD 
090 0 0 |a TK 7888.3  |b N37 1994 
100 1 0 |a Nashelsky  |h Louis 
245 1 0 |a Introduction to digital technology  |c Louis Nashelsky 
250 0 0 |a 4th ed 
260 0 0 |a New Jersey  |b Prentice Hall Career and technology  |c 1994 
300 |a x,437p.  |b ill  |c 26cm 
500 0 0 |a Includes index 
650 0 0 |a Electronic digital computers 
650 0 0 |a Computer engineering 
999 |a vtls000021486  |c 31904  |d 31904